5HLuxD.jpg

KING HENRY VIII SENIOR AND PRIMARY SCHOOL LIBRARY OPAC

Wedding crasher / (Record no. 2492)

000 -LEADER
fixed length control field 01425cam a22003852 4500
001 - CONTROL NUMBER
control field 543676
003 - CONTROL NUMBER IDENTIFIER
control field OSt
005 - DATE AND TIME OF LATEST TRANSACTION
control field 20230620112428.0
008 - FIXED-LENGTH DATA ELEMENTS--GENERAL INFORMATION
fixed length control field 081222r20072000nyuab c 000 1 eng d
020 ## - INTERNATIONAL STANDARD BOOK NUMBER
International Standard Book Number 9780439841191 (pbk.) :
040 ## - CATALOGING SOURCE
Original cataloging agency BKX
Transcribing agency BKX
Modifying agency BAKER
-- TAE
-- KH8
041 1# - LANGUAGE CODE
Language code of text/sound track or separate title eng
Language code of original ita
082 ## - DEWEY DECIMAL CLASSIFICATION NUMBER
Classification number FIC STI
100 ## - MAIN ENTRY--PERSONAL NAME
Personal name Stilton, Geronimo
Relator term author
130 0# - MAIN ENTRY--UNIFORM TITLE
Uniform title Benvenuti a rocca tacagna.
Language of a work English.
245 00 - TITLE STATEMENT
Title Wedding crasher /
Statement of responsibility, etc. [text by Geronimo Stilton ; illustrations by Roberto Ronchi, Christian Aliprandi and Davide Turotti].
260 ## - PUBLICATION, DISTRIBUTION, ETC.
Place of publication, distribution, etc. New York, N.Y. :
Name of publisher, distributor, etc. Scholastic,
Date of publication, distribution, etc. 2007, c2000.
300 ## - PHYSICAL DESCRIPTION
Extent 111 p. :
Other physical details col. ill., col. maps ;
Dimensions 20 cm.
440 #0 - SERIES STATEMENT/ADDED ENTRY--TITLE
Title Geronimo Stilton ;
Volume/sequential designation #28.
500 ## - GENERAL NOTE
General note Translated from the Italian.
500 ## - GENERAL NOTE
General note Translation of: Benvenuti a rocca tacagna.
520 ## - SUMMARY, ETC.
Summary, etc. Geronimo and his friends travel to his cousin Stevie Stingsnout's wedding far away on Cheap Change Hill and run into trouble.
521 1# - TARGET AUDIENCE NOTE
Target audience note 7-10.
546 ## - LANGUAGE NOTE
Language note Translated from the Italian.
650 #1 - SUBJECT ADDED ENTRY--TOPICAL TERM
Topical term or geographic name entry element Stilton, Geronimo (Fictitious character)
Form subdivision Fiction.
650 #1 - SUBJECT ADDED ENTRY--TOPICAL TERM
Topical term or geographic name entry element Mice
Form subdivision Fiction.
650 #1 - SUBJECT ADDED ENTRY--TOPICAL TERM
Topical term or geographic name entry element Weddings
Form subdivision Fiction.
650 #0 - SUBJECT ADDED ENTRY--TOPICAL TERM
Topical term or geographic name entry element Stilton, Geronimo (Fictitious character)
Form subdivision Juvenile fiction.
650 #0 - SUBJECT ADDED ENTRY--TOPICAL TERM
Topical term or geographic name entry element Mice
Form subdivision Juvenile fiction.
650 #0 - SUBJECT ADDED ENTRY--TOPICAL TERM
Topical term or geographic name entry element Weddings
Form subdivision Juvenile fiction.
700 1# - ADDED ENTRY--PERSONAL NAME
Personal name Ronchi, Roberto.
700 1# - ADDED ENTRY--PERSONAL NAME
Personal name Aliprandi, Christian.
700 1# - ADDED ENTRY--PERSONAL NAME
Personal name Turotti, Davide.
942 ## - ADDED ENTRY ELEMENTS (KOHA)
Source of classification or shelving scheme
Koha item type Books - Fiction
Holdings
Withdrawn status Lost status Source of classification or shelving scheme Damaged status Not for loan Collection code Permanent Location Current Location Shelving location Date acquired Total Checkouts Full call number Barcode Date last seen Date last checked out Price effective from Koha item type
          Fiction KH8 Primary School Library KH8 Primary School Library Fiction 2023-06-20 9 FIC STI KHPL000004245 2025-12-05 2024-09-09 2023-06-20 Books - Fiction

Powered By KH8 IT Dept